000 00805nab a2200241 4500
003 BR-BrBNA
005 20240814123813.0
008 240703b bl.||||| |||| 00| 0 por d
040 _aBR-BrBNA
_bpor
072 _aF01 ; E70
_b2603
100 _aOliveira, Antônio
245 _aUrucum, uma nova alternativa para o cerrado
500 _a3 illus.
650 _aURUCUM
650 _aPLANTA CORANTE
650 _aCOMERCIALIZAÇÃO
650 _aINDÚSTRIA ALIMENTÍCIA
650 _aINDÚSTRIA TÊXTIL
650 _aFARMÁCIA
773 0 _04604
_9317195
_dPalmas - Tocantins Terranova Gráfica e Editora Jornalística Ltda 2005
_o2024-3819
_tCerrado Rural Agronegócios (Brazil)
_x1980-2595
_gv. 4(24) p. 6; (Mar 2007)
_wBR2024001909
942 _cAnalítica
999 _c300377
_d300377